000 00711cam a2200217 a 4500
001 000012081
005 20200929162703.0
008 820810|1981 ||| 001 0 spa
040 _aDO-SdBNP
_cDLC
_dDLC
082 _a398.2
_bJ61d
100 1 _aJiménez, Manuel de Jesús,
_d1854-1916.
_928527
245 1 0 _aDoña Ana de Cortabarría :
_by otras noticias de antaño /
_cManuel de Jesús Jiménez.
260 _aSan José :
_bCosta Rica,
_c1981.
300 _a222 p. ;
_a21 cm.
490 1 _aNuestros clásicos
_v19
650 4 _aLiteratura folclórica
_91529
650 4 _aLeyendas
_xCosta rica
_928528
830 0 _aNuestros clásicos ;
_v19
_923730
910 _aCatalogación por copia / LC
049 _aBNGR
999 _c11747
_d11747